MARC

LEADER 00000nam0a2200000 4500
001 340038
005 20231102005211.0
035 |a (RuTPU)RU\TPU\book\366603 
090 |a 340038 
100 |a 20180208d1969 km y0rusy50 ca 
101 0 |a rus 
102 |a RU 
105 |a a z 001zy 
200 1 |a Абразивно-алмазная обработка  |f Г. М. Ипполитов 
205 |a 2-е изд., перераб. и доп. 
210 |a Москва  |c Машиностроение  |d 1969 
215 |a 335 с.  |c ил. 
320 |a Библиогр.: с. 332 
606 1 |a Абразивно-алмазная обработка  |2 stltpush  |3 (RuTPU)RU\TPU\subj\15  |9 29074 
610 1 |a абразивные материалы 
610 1 |a алмазы 
610 1 |a электрокорунд 
610 1 |a карбиды 
610 1 |a кремний 
610 1 |a бор 
610 1 |a свойства 
610 1 |a инструменты 
610 1 |a резание 
610 1 |a шлифование 
610 1 |a теплообразование 
610 1 |a параметры 
610 1 |a шлифовальные круги 
610 1 |a правка 
610 1 |a балансировка 
610 1 |a качество 
610 1 |a поверхность 
610 1 |a отделка 
610 1 |a эксплуатация 
675 |a 621.922.02:621.921.34  |v 4 
700 1 |a Ипполитов  |b Г. М.  |g Георгий Михайлович 
801 1 |a RU  |b 63413507  |c 20180208 
801 2 |a RU  |b 63413507  |c 20180209  |g RCR 
942 |c BK